All DC And Marvel Films - Statistics

General Stats
  • This quiz has been taken 137 times
  • The average score is 87 of 124
Answer Stats
Movie Company Company Year Film Main Character % Correct
(Marvel Comics) Marvel 1948 Captain America Captain Steven "Steve" Rogers
99%
Paramount Pictures Marvel 2011 Captain America: The First Avenger Steven "Steve" Rogers
99%
Warner Bros. DC 1989 Batman Bruce Wayne
97%
Warner Bros. DC 2004 Batman Begins Bruce Wayne
97%
20th Century Fox DC 1966 Batman: The Movie Bruce Wayne
97%
Warner Bros. DC 2021 The Batman Bruce Wayne
97%
Warner Bros. DC 2013 Man of Steel Kal-El "Clark Joseph Kent"
96%
(DC Comics) DC 1951 Superman And The Mole Men Kal-El "Clark Joseph Kent"
96%
Warner Bros. DC 2006 Superman Returns Kal-El "Clark Joseph Kent"
96%
Warner Bros. DC 1978 Superman: The Movie Kal-El "Clark Joseph Kent"
96%
Universal Marvel 2003 Hulk Robert David Bruce Banner
90%
Sony/Disney Marvel 2017 Spider-Man: Homecoming Peter "Pete" Benjamin Parker
90%
Universal Marvel 2008 The Incredible Hulk Robert David Bruce Banner
90%
Sony Marvel 2012 Amazing Spider-Man Peter "Pete" Benjamin Parker
89%
Paramount Pictures Marvel 2008 Iron Man Anthony "Tony" Edwards Stark
89%
Sony Marvel 2002 Spider-Man Peter "Pete" Benjamin Parker
89%
20th Century Fox/Disney Marvel TBD Untitled X-Men Film Unknown
89%
20th Century Fox Marvel 2000 X-Men James "Logan" Howlett
89%
(The CW) Warner Bros. DC 1990 The Flash Bartholomew "Barry" Allen
87%
Warner Bros. DC 2022 The Flash Bartholomew "Barry" Henry Allen
87%
Warner Bros. DC 2017 Wonder Woman Princess Diana Prince
87%
Disney Marvel 2014 Guardians of The Galaxy Peter Quill
86%
Sony/Disney Marvel 2021 Spider-Man: No Way Home Peter "Pete" Benjamin Parker
86%
Disney Marvel 2018 Avengers: Infinity War Thanos
85%
Disney Marvel 2016 Captain America: Civil War Steven "Steve" Rogers
85%
Disney Marvel 2014 Captain America: The Winter Soldier Steven "Steve" Rogers
85%
Sony/Disney Marvel 2019 Spider-Man: Far From Home Peter "Pete" Benjamin Parker
85%
20th Century Fox Marvel 2013 The Wolverine James "Logan" Howlett
85%
20th Century Fox Marvel 2009 X-Men Origins: Wolverine James "Logan" Howlett
85%
Disney Marvel 2019 Avengers: Endgame Anthony "Tony" Edward Stark
84%
Paramount Pictures Marvel 2010 Iron Man 2 Anthony "Tony" Edward Stark
84%
Paramount Pictures Marvel 2012 Marvel's The Avengers Anthony "Tony" Edward Stark
84%
Disney Marvel 2015 Ant-Man Scott Lang
82%
Disney Marvel 2015 Avengers: Age of Ultron Anthony "Tony" Edward Stark
82%
Disney Marvel 2021 Black Widow Natalia "Natasha Romanoff" Romanova
82%
20th Century Fox Marvel 2003 Daredevil Matthew "Matt" Murdock
82%
20th Century Fox Marvel 2005 Fantastic Four Reed Richards
82%
20th Century Fox Marvel 2015 Fantastic Four Reed Richards
82%
Disney Marvel 2017 Guardians of the Galaxy Vol. 2 Peter Quill
82%
Disney/20th Century Fox Marvel 2024 The Fantastic Four Reed Richards
82%
Sony Marvel 2014 Amazing Spider-Man 2 Peter "Pete" Benjamin Parker
81%
Warner Bros. DC 2019 Shazam! William ''Billy" Batson
81%
Sony Marvel 2004 Spider-Man 2 Peter "Pete" Benjamin Parker
81%
Sony Marvel 2007 Spider-Man 3 Peter "Pete" Benjamin Parker
81%
Disney Marvel 2018 Ant-Man And The Wasp Scott Lang
80%
Disney Marvel 2018 Black Panther King T'Challa
80%
20th Century Fox Marvel 2016 Deadpool Wade W. Wilson
80%
Paramount Pictures/Disney Marvel 2013 Iron Man 3 ^^^
80%
20th Century Fox Marvel 2018 Deadpool 2 Wade W. Wilson
79%
Warner Bros. DC 2016 Suicide Squad Floyd Lawton
79%
Warner Bros. DC 2021 The Suicide Squad Peacemaker
79%
Warner Bros. DC 2018 Aquaman Arthur Curry
78%
Disney Marvel 2019 Captain Marvel Carol "Vers" Danvers
78%
Warner Bros. DC 2020 Birds of Prey Harley Quinn
77%
Warner Bros. DC 1980 Superman II ^
77%
Warner Bros. DC 2006 Superman II: The Richard Donnor Cut ^
77%
Warner Bros. DC 2008 The Dark Knight Bruce Wayne
77%
Sony Marvel 2018 Venom Edward "Eddie" Brock
77%
Warner Bros. DC 1997 Batman And Robin Bruce Wayne
76%
Warner Bros. DC 2017 Justice League Bruce Wayne
76%
Warner Bros. DC 2021 Zack Snyder's Justice League Victor "Vic" Stone
76%
Disney Marvel 2023 Guardians of The Galaxy Vol. 3 Peter Quill
75%
Warner Bros. DC 1984 Superman III Kal-El "Clark Joseph Kent"
75%
20th Century Fox Marvel 2008 Punisher: War Zone Franklin "Frank" Castle
74%
(Marvel Comics) Marvel 1988 The Punisher Franklin "Frank" Castle
74%
Paramount Pictures Marvel 2011 Thor -
73%
20th Century Fox Marvel 2006 X-Men: The Last Stand Jean Grey
73%
Warner Bros. DC 1992 Batman Returns Bruce Wayne
71%
20th Century Fox Marvel 1998 Blade Eric Brooks
71%
Disney/20th Century Fox Marvel 2023 Blade Eric Brooks
71%
Warner Bros. DC 1983 Supergirl Kara Zor-El "Danvers/Kent"
71%
Warner Bros. DC TBD Untitled Harley Quinn/Joker Movie Harley Quinn
71%
Sony Marvel 2021 Venom 2: Let There Be Carnage Edward "Eddie" Brock
71%
Warner Bros. DC 2020 Wonder Woman 1984 Princess Diana Prince
71%
Paramount Pictures/Disney Marvel 2013 Thor: The Dark World -
70%
20th Century Fox Marvel 2003 X-2: X-Men: United James "Logan" Howlett
70%
Warner Bros. DC 2016 Batman V. Superman: Dawn of Justice Bruce Wayne
69%
Warner Bros. DC 2004 Catwoman Selina Kyle
69%
Sony Animation Marvel 2018 Spider-Man Into The Spider-Verse Miles Morales
69%
Warner Bros. DC 2019 The Joker Arthur Flek
69%
Disney Marvel 2017 Thor: Ragnarok -
69%
Warner Bros. DC 1995 Batman Forever ^^
68%
Warner Bros. DC 1987 Superman IV: The Quest For Peace ^^
68%
Warner Bros. DC 2012 The Dark Knight Rises Bruce Wayne
68%
Warner Bros. DC 2011 Green Lantern Hal Jordan
67%
Warner Bros. DC 2023 Shazam!: Fury of The Gods William "Billy" Batson
67%
20th Century Fox Marvel 2007 Ghostrider John "Johnny" Blaze
66%
20th Century Fox Marvel 2019 X-Men: Dark Phoenix Jean Grey
66%
20th Century Fox Marvel 2007 Fantastic Four: Rise of The Silver Surfer Reed Richards
64%
20th Century Fox Marvel 2011 X-Men: First Class Professor Charles Xavier
64%
20th Century Fox Marvel 2002 Blade II Eric Brooks
63%
Warner Bros. DC 2022 Aquaman II Arthur Curry
62%
20th Century Fox Marvel 2004 Blade: Trinity Eric Brooks
62%
20th Century Fox Marvel 2017 Logan -
62%
Disney Marvel 2022 Thor: Love And Thunder -
60%
20th Century Fox Marvel 2014 X-Men: Days of Future Past James "Logan" Howlett
60%
Disney Marvel 2016 Doctor Strange -
59%
20th Century Fox Marvel 2011 Ghostrider: Spirit of Vengeance John "Johnny" Blaze
59%
Warner Bros. DC 2010 The Watchmen Roscharch
57%
Warner Bros. DC TBD The Amazons Hippolyta
56%
Warner Bros. DC TBD Wonder Woman III Princess Diana Prince
56%
20th Century Fox Marvel 2005 Elektra -
55%
Disney Marvel 2022 Captain Marvel 2 Carol Danvers
54%
Disney Marvel 2021 The Eternals Unknown
54%
Disney Marvel 2021 Shang-Chi And The Legend of The Ten Rings -
53%
20th Century Fox Marvel 2016 X-Men: Apocalypse -
53%
Lucasfilm Ltd. Marvel 1986 Howard The Duck -
52%
Walt Disney Animation Studios Marvel 2014 Big Hero Six Hiro Hamada
48%
(The CW) Warner Bros. DC 1991 The Flash III: The Deadly Nightshade ^^
46%
(The CW) Warner Bros. DC 1991 The Flash II: The Tricksters Revenge ^
46%
20th Century Fox Marvel 2020 The New Mutants Illyana Rasputin
46%
Disney Marvel 2022 Doctor Strange in The Multi-Verse of Madness -
44%
Sony Animation Marvel 2022 Spider-Man Into The Spider-Verse 2 Miles Morales
43%
Disney Marvel 2023 Black Panther II Unknown
42%
Sony Marvel 2021 Morbius -
42%
Warner Bros. DC 1997 Steel John Henry Irons
41%
(DC Comics) Marvel 1984 Swamp Thing Unknown
32%
Warner Bros. DC 2024 Black Adam -
27%
Warner Bros. DC 2009 Jonah Hex -
24%
(Marvel Comics) Marvel 2005 Man-Thing Unknown
21%
Warner Bros. DC 1992 The Return of Swamp Thing Unknown
16%
Warner Bros. DC 2018 Teen Titans Go! To The Movies Robin
15%
Disney Marvel TBD Untitled Avengers 5 Film Unknown
15%
Disney/20th Century Fox Marvel TBD Untitled Fantastic Four V.S. The X-Men Film Unknown
4%
No matching quizzes found
Score Distribution
Percent of People with Each Score
Percentile by Number Answered
Your Score History
You have not taken this quiz